• 首页
  • 本馆介绍
  • 公告通知
  • 最新文献
  • 馆藏检索
  • 电子资源
  • 读者导购
  • 参考咨询
  • 我的图书馆
  • 登录
  • 详细信息显示
  • 放入我的书架
  • 预约/预借图书
  • 作者相关作品
  • 分类相关作品
  • 丛书相关作品
  • 出版社相关作品

书目信息

  • 表格格式
  • 工作单格式
  • 卡片格式
题名:
天线
    
 
作者: Connor , 康纳 著 ;王文序 译
分册:  
出版信息: 北京   科学出版社  1982
页数: 105页
开本: 19cm
丛书名: 无线电技术志通信专题介绍丛书
单 册:
中图分类: TN82
科图分类:
主题词: 天线
电子资源:
ISBN:
000 00826nam2 2200301 45
001 0182006785
005 20060722085848.67
010    @dCNY0.46
091    @a15031.435
100    @a19950316d1982 em y0chiy0121 ea
101 1  @achi@ceng
102    @aCN@b110000
105    @ay z 000yy
200 10 @a天线@Atian xian@f(英)康纳(F.R. Connor)著@g王文序译
210    @a北京@c科学出版社@d1982
215    @a105页@d19cm
225 2  @a无线电技术志通信专题介绍丛书
300    @a书名原文:Anennas
410  0 @120010@a无线电技术志通信专题介绍丛书
510 1  @aAnennas@zeng
606    @a天线
690    @aTN82@v3 
701 A1 @aConnor@bF.R.@4著
701  1 @a康纳@Akang na@bF.R.@4著
702  0 @a王文序@Awang wen xu@4译
801  2 @aCN@bNLC@c20060722
801  0 @aCN@b上海图书馆@c20040514
905    @dTN82@e2@f1@b76891
    
    天线/(英)康纳(F.R. Connor)著/王文序译.-北京:科学出版社,1982
    105页;19cm.-(无线电技术志通信专题介绍丛书)
    书名原文:Anennas
    
    ISBN :CNY0.46
    
●
相关链接 在E读中查询图书 在五车中查询图书 在当当中查询图书 在豆瓣中查询图书


正题名:天线     索取号:TN82/2         预约/预借

序号 登录号 条形码 馆藏地/架位号 状态 备注
1 0076890   001321670   第三借阅区/ [索取号:TN82/2] 在馆    
2 0076891   001321698   第三借阅区/ [索取号:TN82/2] 在馆    
3 0076892   001321705   第二样本阅览室/ [索取号:TN82/2] 在馆    
4 0437388   204373882   密集书库/ [索取号:TN82/2] 在馆    
5 0437989   204379895   密集书库/ [索取号:TN82/2] 在馆    
6 0438173   204381739   密集书库/ [索取号:TN82/2] 在馆    
7 0438174   204381748   密集书库/ [索取号:TN82/2] 在馆    
唐山师范学院图书馆 欢迎您!
大连网信软件有限公司© 版权所有